[Event "Milan Carnevale op-B 6th"]
[Site "Milan"]
[Date "2015.02.22"]
[Round "5"]
[White "Vece, Luigi"]
[Black "Pipitone, Filippo Massimo"]
[Result "1/2-1/2"]
[WhiteElo "1614"]
[BlackElo "1545"]
[PlyCount "56"]
[EventDate "2015.02.18"]
[EventType "swiss"]
[EventRounds "6"]
[EventCountry "ITA"]
[SourceTitle "EXT 2017"]
[Source "ChessBase"]
[SourceDate "2016.10.25"]
[SourceVersion "1"]
[SourceVersionDate "2016.10.25"]
[SourceQuality "1"]

1. e4 c5 2. Nf3 e6 3. d4 cxd4 4. Nxd4 a6 5. c4 Nf6 6. Bd3 Qc7 7. 0-0 d6 8. Nc3 Nbd7 9. Bg5 Be7 10. Rc1 b6 11. f4 Bb7 12. b4 Rc8 13. Qe2 0-0 14. f5 e5 15. Nb3 Rfe8 16. Bxf6 Nxf6 17. Nd5 Qd8 18. Nxf6+ Bxf6 19. c5 b5 20. Na5 Ba8 21. cxd6 Qxd6 22. a3 Bg5 23. Rc2 Red8 24. Rd1 Qd4+ 25. Kf1 Rxc2 26. Bxc2 Qc3 27. Rxd8+ Bxd8 28. Nb3 Bb6 1/2-1/2

[Event "Milan Crespi op-B 35th"]
[Site "Milan"]
[Date "2014.12.05"]
[Round "2"]
[White "Palvarini, Mario"]
[Black "Vece, Luigi"]
[Result "0-1"]
[WhiteElo "1479"]
[BlackElo "1608"]
[PlyCount "100"]
[EventDate "2014.12.04"]
[EventType "swiss"]
[EventRounds "7"]
[EventCountry "ITA"]
[SourceTitle "EXT 2017"]
[Source "ChessBase"]
[SourceDate "2016.10.25"]
[SourceVersion "1"]
[SourceVersionDate "2016.10.25"]
[SourceQuality "1"]

1. e4 Nf6 2. Nc3 d6 3. d4 g6 4. Bc4 Bg7 5. Nf3 0-0 6. 0-0 Bg4 7. h3 Bd7 8. Re1 e6 9. Bg5 h6 10. Bd2 Nc6 11. d5 Ne7 12. dxe6 Bxe6 13. Bxe6 fxe6 14. Qc1 Kh7 15. Nd4 Qd7 16. f3 Nh5 17. Nde2 e5 18. Rf1 g5 19. g4 Nf4 20. Nxf4 exf4 21. Kg2 d5 22. Nxd5 Nxd5 23. exd5 Qxd5 24. c4 Qd3 25. Qb1 Rad8 26. Rd1 Rfe8 27. Qxd3+ Rxd3 28. Bc3 Red8 29. Rxd3 Rxd3 30. Bxg7 Kxg7 31. b3 Kf6 32. Rf1 Ke5 33. Re1+ Re3 34. Rd1 Re2+ 35. Kg1 Rxa2 36. Rd7 Rb2 37. Rd3 Ke6 38. c5 Re2 39. b4 Re3 40. Rd8 Rxf3 41. Kg2 Rb3 42. Rh8 Rxb4 43. Rxh6+ Ke5 44. Rg6 Ke4 45. Rxg5 Rb2+ 46. Kf1 f3 47. Rf5 Rh2 48. Rh5 Kf4 49. g5 Kg3 50. Ke1 f2+ 0-1

[Event "Milan Crespi op-B 34th"]
[Site "Milan"]
[Date "2013.12.04"]
[Round "1"]
[White "Frignani, Alessandro"]
[Black "Vece, Luigi"]
[Result "1-0"]
[WhiteElo "1369"]
[BlackElo "1628"]
[PlyCount "33"]
[EventDate "2013.12.04"]
[EventType "swiss"]
[EventRounds "7"]
[EventCountry "ITA"]
[SourceTitle "EXT 2015"]
[Source "ChessBase"]
[SourceDate "2014.11.20"]
[SourceVersion "1"]
[SourceVersionDate "2014.11.20"]
[SourceQuality "1"]

1. e4 c5 2. f4 d6 3. Nf3 Nc6 4. g3 Bg4 5. Bg2 e5 6. h3 Bxf3 7. Bxf3 Qd7 8. d3 Be7 9. Nc3 Nf6 10. Be3 0-0-0 11. Bg4 Nxg4 12. Qxg4 Bf6 13. Nd5 Qxg4 14. hxg4 Nd4 15. Bxd4 cxd4 16. g5 exf4 17. gxf6 1-0

[Event "Milan Sport&Cultura op"]
[Site "Milan"]
[Date "2010.02.14"]
[Round "5"]
[White "Krstic, Dragan"]
[Black "Vece, Luigi"]
[Result "1-0"]
[WhiteElo "1768"]
[BlackElo "1697"]
[PlyCount "65"]
[EventDate "2010.02.12"]
[EventType "swiss"]
[EventRounds "5"]
[EventCountry "ITA"]
[SourceTitle "EXT 2011"]
[Source "ChessBase"]
[SourceDate "2010.11.26"]
[SourceVersion "1"]
[SourceVersionDate "2010.11.26"]
[SourceQuality "1"]

1. b3 e5 2. c4 Nf6 3. Nc3 Nc6 4. g3 Be7 5. Bg2 0-0 6. Bb2 d6 7. Nd5 Bf5 8. Nf3 Nxd5 9. cxd5 Nb4 10. d3 Bf6 11. e4 Bg4 12. Qd2 Na6 13. Rc1 Bxf3 14. Bxf3 Bg5 15. Qc3 Bxc1 16. Bxc1 f5 17. 0-0 Nc5 18. b4 fxe4 19. dxe4 Qf6 20. Bg2 Na6 21. Be3 b5 22. a3 Qe7 23. Qc6 Nxb4 24. axb4 Rfb8 25. Ra1 a5 26. bxa5 b4 27. a6 Qe8 28. Qxc7 b3 29. a7 Rb4 30. Bf1 b2 31. Rb1 Rc8 32. Qxd6 Qa4 33. Qe6+ 1-0

[Event "Milan Sport&Cultura op"]
[Site "Milan"]
[Date "2010.02.13"]
[Round "2"]
[White "Vece, Luigi"]
[Black "Guzzetti, Luigi Enrico"]
[Result "1-0"]
[WhiteElo "1697"]
[BlackElo "1887"]
[PlyCount "125"]
[EventDate "2010.02.12"]
[EventType "swiss"]
[EventRounds "5"]
[EventCountry "ITA"]
[SourceTitle "EXT 2011"]
[Source "ChessBase"]
[SourceDate "2010.11.26"]
[SourceVersion "1"]
[SourceVersionDate "2010.11.26"]
[SourceQuality "1"]

1. e4 c5 2. Nf3 e6 3. d4 cxd4 4. Nxd4 a6 5. c4 Nf6 6. e5 Qa5+ 7. Nc3 Qxe5+ 8. Be3 Bb4 9. Bd3 Nc6 10. Qb3 Bc5 11. Nf3 Qh5 12. 0-0-0 Bxe3+ 13. fxe3 Qc5 14. e4 0-0 15. Rhe1 d6 16. h3 e5 17. Kb1 Be6 18. Nd5 Bxd5 19. cxd5 Na7 20. Rc1 Qa5 21. Qxb7 Nb5 22. Qc6 Nh5 23. Rc2 Nd4 24. Qc3 Qxc3 25. Rxc3 Nf4 26. Bf1 f5 27. Nxd4 exd4 28. Rc6 Rfe8 29. g3 Ng6 30. Rxd6 fxe4 31. Bxa6 d3 32. Kc1 Nh8 33. Bc4 Nf7 34. Re6 Rxe6 35. dxe6 Nd6 36. Bd5 Rc8+ 37. Kb1 Kf8 38. Bxe4 Nxe4 39. Rxe4 d2 40. Rf4+ Ke7 41. Rf1 Kxe6 42. Rd1 Rd8 43. Kc2 Kf5 44. Rxd2 Rc8+ 45. Kd3 h5 46. Ke3 g5 47. b4 Rc3+ 48. Kf2 Ke4 49. b5 Rc5 50. a4 Rc4 51. a5 Rb4 52. b6 h4 53. g4 Rb3 54. Kg2 Ke3 55. Rf2 Ke4 56. Rf7 Rb2+ 57. Kf1 Ke3 58. Re7+ Kf3 59. Ke1 Kg3 60. Re3+ Kf4 61. Rc3 Rb5 62. Ra3 Ke4 63. a6 1-0